Los grandes pintores españoles : (Record no. 143667)

MARC details
000 -LEADER
campo de control de longitud fija 00979nam a22002651 4500
001 - NÚMERO DE CONTROL
campo de control 143667
003 - IDENTIFICADOR DE NÚMERO DE CONTROL
campo de control SpMaBN
005 - FECHA Y HORA DE LA ÚLTIMA TRANSACCIÓN
campo de control 20231005115911.0
008 - DATOS DE LONGITUD FIJA--INFORMACIÓN GENERAL
campo de control de longitud fija 981210s1953 sp spa
016 7# - NÚMERO DE CONTROL DE UNA AGENCIA BIBLIOGRÁFICA NACIONAL
Número de control del registro bimoBNE20000198053
Número de control cancelado/no válido IND9800832716
Fuente SpMaBN
035 ## - NÚMERO DE CONTROL DEL SISTEMA
Número de control de sistema (OCoLC)432724065
040 ## - FUENTE DE CATALOGACIÓN
Centro catalogador/agencia de origen SpMaBN
Lengua de catalogación spa
Centro/agencia transcriptor CDM
Centro/agencia modificador ES-MaACL
080 ## - NÚMERO DE LA CLASIFICACIÓN DECIMAL UNIVERSAL
Número de la Clasificación Decimal Universal 75(Greco)
245 04 - MENCIÓN DEL TÍTULO
Título Los grandes pintores españoles :
Resto del título 70 obras maestras del Greco /
Mención de responsabilidad, etc. introducción y notas por Bernardno de Pantorba [seud.] ; traducción inglesa de Juan Macnab ; traducción inglesa de Juan Macnab, y francesa de Raimundo Tejada
260 ## - PUBLICACIÓN, DISTRIBUCIÓN, ETC.
Lugar de publicación, distribución, etc. Madrid :
Nombre del editor, distribuidor, etc. Plus Ultra,
-- [Aldes]
Fecha de publicación, distribución, etc. 1953
300 ## - DESCRIPCIÓN FÍSICA
Extensión 47 p., 70 h. de lám. ;
Dimensiones 24 cm
600 04 - PUNTO DE ACCESO ADICIONAL DE MATERIA--NOMBRE DE PERSONA
9 (RLIN) 46893
Nombre de persona El Greco
650 #4 - PUNTO DE ACCESO ADICIONAL DE MATERIA--TÉRMINO DE MATERIA
9 (RLIN) 16076
Término de materia o nombre geográfico como elemento de entrada Pintura renacentista
Subdivisión geográfica España
852 ## - LOCALIZACIÓN
Ubicación ES-MaACL
Sublocalización o colección R.34522
itemnumber 148855
Ubicación en estantería Sala Valle Inclán
Número de control de estantería D-9094
942 ## - ELEMENTOS DE ENTRADA SECUNDARIOS (KOHA)
Fuente del sistema de clasificación o colocación Clasificación decimal universal
956 ## - LOCALIZACIÓN Y ACCESO ELECTRÓNICOS LOCAL (OCLC)
Nombre del host 1
980 ## - EQUIVALENCIA O REFERENCIA-CRUZADA-MENCIÓN DE SERIE--NOMBRE DE PERSONA/TÍTULO [LOCAL, CANADÁ]
Nombre de persona SpMaBN
Numeración BNMADRID
Calificador de atribución BA/8877
Títulos y otros términos asociados al nombre SALA_GOYA
Holdings
Estatus retirado Estado de pérdida Fuente del sistema de clasificación o colocación Estado de daño No para préstamo Biblioteca de origen Biblioteca actual Ubicación en estantería Fecha de adquisición Total de préstamos Signatura topográfica completa Código de barras Visto por última vez Precio de reemplazo Tipo de ítem Koha
    Clasificación decimal universal     Biblioteca del Ateneo de Madrid Biblioteca del Ateneo de Madrid Sala Valle Inclán 17/01/2008   D-9094 901149473 23/02/2023 23/02/2023 Libro impreso